Nintendo Switch Games by Screenshot - Statistics

General Stats
  • This quiz has been taken 64 times
  • The average score is 8 of 12
Answer Stats
Picture Answer % Correct
Super Mario Odyssey
98%
The Legend of Zelda: Breath of the Wild
89%
The Legend of Zelda: Tears of the Kingdom
87%
Pokemon: Let's Go Eevee!
80%
Luigi's Mansion 3
78%
Kirby's Return to Dream Land Deluxe
75%
Super Smash Bros: Ultimate
75%
Pikmin 3
71%
The Legend of Zelda: Link's Awakening
47%
New Super Mario Bros U Deluxe
40%
Wario Ware: Move it!
40%
Super Mario Maker 2
27%
No matching quizzes found
Score Distribution
Percent of People with Each Score
Percentile by Number Answered
Your Score History
You have not taken this quiz